| 000 | 00440nam a22001577a 4500 | ||
|---|---|---|---|
| 008 | 240807b xxu||||| |||| 00| 0 eng d | ||
| 020 | _a978-4165-2704-6 | ||
| 050 |
_aPR 9199.3 _b.F54 2008 |
||
| 100 | _aFielding, Joy | ||
| 245 |
_aCharley's web / _cFielding, Joy |
||
| 300 |
_a581 pages ; _c18 cm. |
||
| 650 |
_aAuthors _vFiction. |
||
| 650 |
_aSingle women _vFiction. |
||
| 650 |
_aChildren _vFiction. _xCrimes against |
||
| 942 |
_2lcc _cBK |
||
| 999 |
_c366050 _d366050 |
||